Tuyển tập bài tập vật lí nâng cao Trung học phổ thông T.1 Cơ học

Tallennettuna:
Bibliografiset tiedot
Muut tekijät: Dương, Trọng Bái (Ch.b), Lương, Tất Đạt (Tác giả), Nguyễn, Mạnh Tuấn (Tác giả)
Aineistotyyppi: Kirja
Kieli:Vietnamese
Julkaistu: H. Giáo dục 2005
Painos:Tái bản lần thứ 1
Aiheet:
Tagit: Lisää tagi
Ei tageja, Lisää ensimmäinen tagi!
Thư viện lưu trữ: Mạng thư viện Đại học Đà Nẵng
LEADER 01447nam a2200397 4500
001 000013191
003 9529
005 20120312090341.0
008 120312s2005 viesd
020 |c 11200đ 
041 0 |a vie 
082 |a 531.076  |b TUY 
245 1 0 |a Tuyển tập bài tập vật lí nâng cao Trung học phổ thông  |c Ch.b: Dương Trọng Bái; Lương Tất Đạt; Nguyễn Mạnh Tuấn  |n T.1  |p Cơ học 
250 |a Tái bản lần thứ 1 
260 |a H.  |b Giáo dục  |c 2005 
300 |a 115 tr.  |b hình vẽ  |c 24 cm 
653 |a Tuyển tập 
653 |a Bài tập 
653 |a vật lí 
653 |a Trung học phổ thông 
653 |a Cơ học 
700 |a Dương, Trọng Bái  |e Ch.b 
700 |a Lương, Tất Đạt  |e Tác giả 
700 |a Nguyễn, Mạnh Tuấn  |e Tác giả 
773 |t Tuyển tập bài tập vật lí nâng cao Trung học phổ thông  |w 9524 
910 |a Nguyễn, Thị Kim Oanh  |d 12/03/2012 
OWN |a LSP 
AVA |a UDN50  |b LSP  |d 531.076 TUY  |e available  |t Error 5001 Not defined in file expand_doc_bib_avail.  |f 10  |g 0  |h N  |i 0  |k 1 
999 |a From the UDN01 
AVA |a UDN50  |b LSP  |d 531.076 TUY  |e available  |t Error 5001 Not defined in file expand_doc_bib_avail.  |f 10  |g 0  |h N  |i 0  |k 1 
TYP |a Monograph 
TYP |a Printed language 
980 |a Mạng thư viện Đại học Đà Nẵng